Sports Quiz

Random Sports or MLB Quiz

MLB Three .300+ Batting Avg Teammates (2000s) Quiz Stats

Quiz Updated Apr 18, 2013

Challenge
Share
Tweet
Embed
Score 0/107 Timer 11:00
5 Plays Today
% Correct
Derek Jeter
96.2%
Derek Jeter
96.2%
Derek Jeter
96.2%
Joe Mauer
93.3%
Alex Rodriguez
92.3%
Alex Rodriguez
92.3%
Alex Rodriguez
92.3%
David Ortiz
88.8%
David Ortiz
88.8%
Manny Ramirez
85.8%
Manny Ramirez
85.8%
Manny Ramirez
85.8%
Todd Helton
84.6%
Todd Helton
84.6%
Todd Helton
84.6%
Todd Helton
84.6%
Albert Pujols
84.4%
Albert Pujols
84.4%
Albert Pujols
84.4%
Chipper Jones
83.3%
Chipper Jones
83.3%
Andruw Jones
83.1%
Jacque Jones
82.9%
Miguel Cabrera
80.3%
Orlando Cabrera
80%
Josh Hamilton
75.8%
David Wright
71.7%
Dustin Pedroia
69.8%
Ichiro Suzuki
67.4%
Larry Walker
67.1%
Robinson Cano
67%
Jeff Bagwell
65.8%
Edgar Martinez
63.1%
Victor Martinez
63.1%
Bernie Williams
60.6%
Jose Reyes
56.3%
% Correct
Matt Holliday
56.2%
Matt Holliday
56.2%
Johnny Damon
55.9%
Johnny Damon
55.9%
Johnny Damon
55.9%
Jorge Posada
55.7%
Magglio Ordonez
55.7%
Magglio Ordonez
55.7%
Carlos Delgado
54.6%
Frank Thomas
54.6%
Jim Edmonds
52.7%
Jim Edmonds
52.7%
Jim Edmonds
52.7%
Vladimir Guerrero
49.4%
Ian Kinsler
48.2%
Vernon Wells
44.8%
Jason Giambi
44.5%
Nomar Garciaparra
44.2%
Nomar Garciaparra
44.2%
Scott Rolen
44.1%
Miguel Tejada
43.9%
Gary Sheffield
42.3%
Travis Hafner
41.9%
Bret Boone
38.8%
Mike Lowell
38.7%
Curtis Granderson
38.4%
Carlos Lee
35.8%
Jermaine Dye
35.4%
Roberto Alomar
33.6%
Bobby Abreu
33.1%
Mike Sweeney
32.7%
Alfonso Soriano
32.2%
Andres Galarraga
31.9%
Reed Johnson
31.6%
Javy Lopez
31.4%
Melvin Mora
30.7%
% Correct
Bill Mueller
30.4%
Hideki Matsui
30.3%
Edgar Renteria
29.8%
Placido Polanco
29.5%
Placido Polanco
29.5%
Kenny Lofton
28.9%
Juan Pierre
27.6%
Luis Castillo
27.6%
Denard Span
25.6%
Jason Kubel
24.4%
Rafael Furcal
24.3%
Chone Figgins
23.3%
Richard Hidalgo
23.2%
Moises Alou
22.8%
John Olerud
21.9%
Trot Nixon
20.9%
Garrett Atkins
17.2%
Garrett Atkins
17.2%
Paul LoDuca
15%
Marcus Giles
14.8%
Milton Bradley
11.1%
Mike Lieberthal
10.4%
Lyle Overbay
10%
Travis Fryman
9.5%
Coco Crisp
8.1%
AJ Pierzynski
8.1%
Fernando Vina
7.5%
Doug Mientkiewicz
6.3%
Marlon Byrd
6.1%
Tony Womack
5.5%
Joe Randa
5%
Jeff Cirillo
4.3%
Jeff Cirillo
4.3%
Jeffrey Hammonds
2.6%
Jamey Carroll
2.5%

You're not logged in!

Compare scores with friends on all Sporcle quizzes.
Sign Up with Email
OR
Log In

You Might Also Like...

Show Comments

Extras

Top Quizzes Today


Score Distribution

Your Account Isn't Verified!

In order to create a playlist on Sporcle, you need to verify the email address you used during registration. Go to your Sporcle Settings to finish the process.